[Event "Polanica Zdroj op"]
[Site "Polanica Zdroj"]
[Date "1999.08.22"]
[Round "6"]
[White "Doronenkov, Andrey"]
[Black "Cyborowski, Lukasz"]
[Result "0-1"]
[WhiteElo "2264"]
[BlackElo "2424"]
[PlyCount "118"]
[EventDate "1999.08.17"]
[EventType "swiss"]
[EventRounds "10"]
[EventCountry "POL"]
[SourceTitle "EXT 2000"]
[Source "ChessBase"]
[SourceDate "1999.11.16"]
[SourceVersion "1"]
[SourceVersionDate "1999.11.16"]
[SourceQuality "1"]

1. e4 c6 2. d4 d5 3. Nc3 dxe4 4. Nxe4 Nd7 5. Bc4 Ngf6 6. Ng5 e6 7. Qe2 Nb6 8. Bb3 h6 9. N5f3 c5 10. Bf4 Nbd5 11. Be5 Qa5+ 12. Nd2 b5 13. c3 cxd4 14. cxd4 Bb7 15. Ngf3 Be7 16. 0-0 Qb6 17. a4 a6 18. a5 Qd8 19. Ne4 Rc8 20. Nc5 Bxc5 21. dxc5 Rxc5 22. Rfd1 0-0 23. Bd4 Rc8 24. Bxd5 Bxd5 25. b4 Nd7 26. Ne5 Nxe5 27. Qxe5 f6 28. Qe2 Rf7 29. Bc5 Rd7 30. Rd4 e5 31. Rd2 Bc4 32. Rxd7 Bxe2 33. Rxd8+ Rxd8 34. Be3 Bc4 35. f3 Rd3 36. Kf2 Rb3 37. Bc5 Rb2+ 38. Kg1 Rd2 39. Be3 Rd3 40. Kf2 Kf7 41. Rb1 Ke6 42. Rb2 Ra3 43. Rd2 Bd3 44. Bc5 g5 45. Ke3 Bc4+ 46. Kf2 Bd5 47. Bf8 h5 48. Rc2 g4 49. Rc7 Ra2+ 50. Kg3 f5 51. Ra7 f4+ 52. Kh4 Kf5 53. Rh7 gxf3 54. Rxh5+ Ke6 55. gxf3 Rxh2+ 56. Kg5 Rxh5+ 57. Kxh5 Kf5 58. Kh4 Bxf3 59. Kh3 e4 0-1

[Event "St Petersburg White Nights op"]
[Site "St Petersburg"]
[Date "1998.06.27"]
[Round "8"]
[White "Doronenkov, Andrey"]
[Black "Sotsky, Alexander"]
[Result "1-0"]
[WhiteElo "2155"]
[BlackElo "2425"]
[PlyCount "95"]
[EventDate "1998.06.??"]
[EventType "swiss"]
[EventRounds "9"]
[EventCountry "RUS"]
[SourceTitle "EXT 1999"]
[Source "ChessBase"]
[SourceDate "1998.11.16"]
[SourceVersion "1"]
[SourceVersionDate "1998.11.16"]
[SourceQuality "1"]

1. e4 e6 2. d4 d5 3. e5 c5 4. c3 Bd7 5. Nf3 Qb6 6. Be2 Bb5 7. c4 Bxc4 8. Bxc4 dxc4 9. d5 exd5 10. Qxd5 Ne7 11. Qe4 Qc6 12. Qxc4 b5 13. Qe2 Nd5 14. 0-0 Be7 15. e6 0-0 16. exf7+ Rxf7 17. Ne5 Qe6 18. Re1 Rf8 19. Qxb5 Bd6 20. Nf3 Qf7 21. Nc3 Nb4 22. Ne4 Be7 23. Qe2 h6 24. Be3 Nd7 25. Rad1 Rfd8 26. Rxd7 Rxd7 27. Ne5 Qd5 28. Nxd7 Qxe4 29. Nxc5 Qd5 30. Rd1 Qxa2 31. Bd4 Bf8 32. Nd7 Nc6 33. Bc3 Rd8 34. Nxf8 Rxf8 35. Qe4 Qf7 36. f3 Nd8 37. Qa4 Qc7 38. Rd7 Qc5+ 39. Kf1 Nf7 40. Qxa7 Qc4+ 41. Kg1 Qf4 42. Qd4 Qg5 43. h3 Rd8 44. Rxd8+ Nxd8 45. Qc4+ Kh8 46. Qc7 Kh7 47. Qe5 Qg6 48. Qe4 1-0

[Event "St Petersburg White Nights op"]
[Site "St Petersburg"]
[Date "1998.06.25"]
[Round "6"]
[White "Potkin, Alexey V"]
[Black "Doronenkov, Andrey"]
[Result "0-1"]
[WhiteElo "2335"]
[BlackElo "2155"]
[PlyCount "126"]
[EventDate "1998.06.??"]
[EventType "swiss"]
[EventRounds "9"]
[EventCountry "RUS"]
[SourceTitle "EXT 1999"]
[Source "ChessBase"]
[SourceDate "1998.11.16"]
[SourceVersion "1"]
[SourceVersionDate "1998.11.16"]
[SourceQuality "1"]

1. e4 c5 2. c3 d5 3. exd5 Qxd5 4. d4 Nf6 5. Be3 Bg4 6. Ne2 cxd4 7. cxd4 e6 8. Nbc3 Qd7 9. Qb3 Nc6 10. Ng3 Bd6 11. f3 Bxg3+ 12. hxg3 Bf5 13. Rd1 Rd8 14. Qa3 Qe7 15. Qxe7+ Kxe7 16. Bb5 Nb4 17. Ke2 a6 18. Bc4 Rc8 19. Bb3 Rhd8 20. Bg5 h6 21. Bxf6+ Kxf6 22. a3 Nc2 23. Bxc2 Bxc2 24. Rc1 Bb3 25. Ke3 b6 26. g4 Ke7 27. Ne4 Bd5 28. Ng3 f6 29. Nh5 Kf7 30. Nf4 Bb7 31. Nd3 Rxc1 32. Rxc1 Rc8 33. Rc3 Rxc3 34. bxc3 Ke7 35. c4 Kd6 36. Nf4 g5 37. Nh5 Ke7 38. Ng3 Kd6 39. Kd3 Bc6 40. Nh5 Ke7 41. Ng3 Kd6 42. Ne2 Be8 43. Nc3 Bc6 44. Ke3 f5 45. gxf5 exf5 46. d5 Bd7 47. Kd4 h5 48. Nd1 h4 49. Nf2 g4 50. fxg4 fxg4 51. g3 Bf5 52. Nh1 h3 53. Nf2 h2 54. Nh1 Bc2 55. Nf2 Bd1 56. Ke4 Bf3+ 57. Kf5 a5 58. Kf4 a4 59. Kf5 h1Q 60. Nxh1 Bxh1 61. Kxg4 Ke5 62. Kg5 Be4 63. g4 Bd3 0-1

[Event "St Petersburg White Nights op"]
[Site "St Petersburg"]
[Date "1998.06.21"]
[Round "2"]
[White "Doronenkov, Andrey"]
[Black "Novikov, Mikhail V"]
[Result "1/2-1/2"]
[WhiteElo "2155"]
[BlackElo "2325"]
[PlyCount "100"]
[EventDate "1998.06.??"]
[EventType "swiss"]
[EventRounds "9"]
[EventCountry "RUS"]
[SourceTitle "EXT 1999"]
[Source "ChessBase"]
[SourceDate "1998.11.16"]
[SourceVersion "1"]
[SourceVersionDate "1998.11.16"]
[SourceQuality "1"]

1. e4 c5 2. c3 d5 3. exd5 Qxd5 4. d4 Nf6 5. Nf3 Bg4 6. Be2 e6 7. 0-0 Nc6 8. h3 Bh5 9. Be3 cxd4 10. Nxd4 Bxe2 11. Qxe2 Nxd4 12. Bxd4 Be7 13. Rd1 Qc6 14. c4 0-0 15. Nc3 a6 16. Rd2 h6 17. Rad1 Rfd8 18. b3 Rd7 19. Be5 Rad8 20. Rxd7 Rxd7 21. Rxd7 Nxd7 22. Bd4 Qd6 23. Qg4 Bg5 24. Qd1 f5 25. Be3 Qxd1+ 26. Nxd1 Bf6 27. Kf1 Kf7 28. Ke2 g5 29. f3 h5 30. Nf2 Ke7 31. Nd3 Kd6 32. Kd2 Be7 33. Kc3 e5 34. c5+ Ke6 35. Kc4 f4 36. Bf2 Nf6 37. b4 e4 38. fxe4 Nxe4 39. Be1 Bd8 40. a4 Bc7 41. Kd4 Kf5 42. b5 axb5 43. axb5 g4 44. hxg4+ hxg4 45. b6 Bd8 46. Kd5 Be7 47. Bb4 f3 48. gxf3 gxf3 49. Be1 Nf6+ 50. Kd4 Ne4 1/2-1/2

[Event "St Petersburg White Nights op"]
[Site "St Petersburg"]
[Date "1998.06.20"]
[Round "1"]
[White "Nikolaev, Nikita"]
[Black "Doronenkov, Andrey"]
[Result "0-1"]
[WhiteElo "2330"]
[BlackElo "2155"]
[PlyCount "84"]
[EventDate "1998.06.??"]
[EventType "swiss"]
[EventRounds "9"]
[EventCountry "RUS"]
[SourceTitle "EXT 1999"]
[Source "ChessBase"]
[SourceDate "1998.11.16"]
[SourceVersion "1"]
[SourceVersionDate "1998.11.16"]
[SourceQuality "1"]

1. Nf3 c5 2. g3 Nc6 3. Bg2 g6 4. 0-0 Bg7 5. c4 d6 6. Nc3 Bd7 7. e4 e5 8. d3 Nge7 9. a3 0-0 10. Rb1 a5 11. Nd5 Kh8 12. Re1 Rb8 13. Be3 b5 14. cxb5 Rxb5 15. Nd2 f5 16. Nc4 f4 17. gxf4 exf4 18. Nxf4 Bc8 19. Ne2 d5 20. a4 Rb8 21. exd5 Nxd5 22. Bxc5 Ncb4 23. Bxf8 Qxf8 24. Ne3 Bb7 25. Nxd5 Nxd5 26. d4 Qf6 27. Qd2 Bf8 28. Bxd5 Bxd5 29. Nc3 Bf3 30. Re5 h6 31. Nd5 Qd6 32. Nf4 g5 33. Qd3 gxf4 34. Rbe1 Bd5 35. Qf5 Bg8 36. Re8 Bg7 37. R1e6 Qc7 38. Rxb8 Qxb8 39. Re7 Qf8 40. Qd7 Qf6 41. Re8 Qg6+ 42. Kf1 f3 0-1

[Event "RUS-ch U18"]
[Site "Kolontaevo"]
[Date "1998.??.??"]
[Round "?"]
[White "Doronenkov, Andrey"]
[Black "Kosyrev, Vladimir"]
[Result "0-1"]
[WhiteElo "2155"]
[BlackElo "2405"]
[PlyCount "82"]
[EventDate "1998.??.??"]
[EventType "swiss"]
[EventRounds "9"]
[EventCountry "RUS"]
[SourceTitle "EXT 2000"]
[Source "ChessBase"]
[SourceDate "1999.11.16"]
[SourceVersion "1"]
[SourceVersionDate "1999.11.16"]
[SourceQuality "1"]

1. e4 e6 2. d4 d5 3. e5 c5 4. c3 Qb6 5. Nf3 Nc6 6. a3 c4 7. Nbd2 Na5 8. g3 Bd7 9. Bh3 f6 10. 0-0 0-0-0 11. Re1 Nh6 12. Rb1 f5 13. Nf1 Nf7 14. Ng5 Nxg5 15. Bxg5 Re8 16. Qh5 h6 17. Be3 Be7 18. Bg2 g5 19. Qd1 Reg8 20. Nd2 Nb3 21. Qe2 Nxd2 22. Qxd2 Ba4 23. b4 h5 24. Qe2 Qd8 25. Rb2 Rh7 26. Kh1 Kb8 27. Bc1 Be8 28. Qd1 Qd7 29. h3 Rf8 30. Kh2 Bd8 31. Rg1 Qe7 32. f4 h4 33. gxh4 g4 34. Be3 Rxh4 35. Qe1 Qh7 36. Qg3 Rh8 37. Rh1 Rg8 38. Bf1 gxh3 39. Qf2 Rhg4 40. Qf3 Rg2+ 41. Bxg2 hxg2+ 0-1

[Event "RUS-ch U18"]
[Site "Kolontaevo"]
[Date "1998.??.??"]
[Round "?"]
[White "Doronenkov, Andrey"]
[Black "Petrov, Anton"]
[Result "0-1"]
[WhiteElo "2155"]
[BlackElo "2360"]
[PlyCount "34"]
[EventDate "1998.??.??"]
[EventType "swiss"]
[EventRounds "9"]
[EventCountry "RUS"]
[SourceTitle "EXT 2000"]
[Source "ChessBase"]
[SourceDate "1999.11.16"]
[SourceVersion "1"]
[SourceVersionDate "1999.11.16"]
[SourceQuality "1"]

1. e4 e5 2. Nf3 Nc6 3. Nc3 g6 4. d4 exd4 5. Nd5 Bg7 6. Bg5 Nce7 7. Nxd4 c6 8. Nxe7 Nxe7 9. Qd2 h6 10. Bh4 d5 11. exd5 0-0 12. 0-0-0 cxd5 13. Bb5 Qd6 14. Rhe1 Nf5 15. Nxf5 Bxf5 16. Ba4 Qb6 17. c3 Bxc3 0-1

[Event "RUS-ch U18"]
[Site "Kolontaevo"]
[Date "1998.??.??"]
[Round "?"]
[White "Doronenkov, Andrey"]
[Black "Silivanov, Sergej"]
[Result "0-1"]
[WhiteElo "2155"]
[BlackElo "2270"]
[PlyCount "88"]
[EventDate "1998.??.??"]
[EventType "swiss"]
[EventRounds "9"]
[EventCountry "RUS"]
[SourceTitle "EXT 2000"]
[Source "ChessBase"]
[SourceDate "1999.11.16"]
[SourceVersion "1"]
[SourceVersionDate "1999.11.16"]
[SourceQuality "1"]

1. e4 e5 2. Nf3 d6 3. d4 Nf6 4. Nc3 Nbd7 5. Be2 Be7 6. Be3 0-0 7. 0-0 c6 8. h3 Qc7 9. Re1 Re8 10. Bf1 Bf8 11. Bg5 a6 12. a4 b6 13. dxe5 dxe5 14. Nh4 h6 15. Be3 Rb8 16. Nf5 b5 17. axb5 axb5 18. f3 Nc5 19. Qe2 b4 20. Na4 Ne6 21. b3 c5 22. Qf2 Nd4 23. Ng3 Nd7 24. Bd3 g6 25. Nf1 Bg7 26. Nb2 Nf8 27. Nc4 Nfe6 28. g3 Rd8 29. Nb2 Qe7 30. h4 Kh8 31. Bc4 Bb7 32. Nd3 f5 33. Bxd4 Nxd4 34. Nh2 Rf8 35. Qg2 Nxf3+ 36. Nxf3 fxe4 37. Nfxe5 Bxe5 38. Nxe5 Qxe5 39. Ra7 Qd4+ 40. Kh1 Rf2 41. Rxb7 Rxb7 42. Qh3 Qd7 43. Be6 Qd2 44. Ra1 Ra7 0-1

[Event "RUS-Cup01 Chigorin Memorial"]
[Site "St Petersburg"]
[Date "1997.11.04"]
[Round "4"]
[White "Doronenkov, Andrey"]
[Black "Vunder, Andrei"]
[Result "0-1"]
[WhiteElo "2150"]
[BlackElo "2315"]
[PlyCount "74"]
[EventDate "1997.11.01"]
[EventType "swiss"]
[EventRounds "9"]
[EventCountry "RUS"]
[SourceTitle "CBM 061 Extra"]
[Source "ChessBase"]
[SourceDate "1998.03.09"]
[SourceVersion "1"]
[SourceVersionDate "1998.03.09"]
[SourceQuality "1"]

1. e4 e6 2. d4 d5 3. e5 c5 4. c3 Qb6 5. Nf3 Nc6 6. a3 Nh6 7. b4 cxd4 8. cxd4 Nf5 9. Bb2 Bd7 10. Be2 Be7 11. 0-0 0-0 12. Qd2 f6 13. Rd1 fxe5 14. dxe5 Nh4 15. Qe3 Qxe3 16. fxe3 Nf5 17. e4 Ne3 18. Rd2 Bd8 19. exd5 exd5 20. Nc3 Be6 21. Na4 Bg4 22. h3 Bf5 23. Rc1 Be4 24. Kh2 Be7 25. Kh1 Rad8 26. Nc5 Bxc5 27. Rxc5 a6 28. Kg1 Rde8 29. Bc3 Re6 30. b5 axb5 31. Rxb5 Rg6 32. Nh4 Rg3 33. Bb4 Nxb4 34. Rxb4 Bxg2 35. Rxb7 Bf1+ 36. Kh2 Rxh3+ 37. Kg1 Bxe2 0-1

[Event "RUS-Cup01 Chigorin Memorial"]
[Site "St Petersburg"]
[Date "1997.11.02"]
[Round "2"]
[White "Doronenkov, Andrey"]
[Black "Bezman, Vadim"]
[Result "1-0"]
[WhiteElo "2150"]
[BlackElo "2370"]
[PlyCount "129"]
[EventDate "1997.11.01"]
[EventType "swiss"]
[EventRounds "9"]
[EventCountry "RUS"]
[SourceTitle "CBM 061 Extra"]
[Source "ChessBase"]
[SourceDate "1998.03.09"]
[SourceVersion "1"]
[SourceVersionDate "1998.03.09"]
[SourceQuality "1"]

1. e4 e5 2. Nf3 Nc6 3. Nc3 g6 4. d4 exd4 5. Nxd4 Bg7 6. Be3 d6 7. Qd2 Nf6 8. f3 0-0 9. 0-0-0 Nxd4 10. Bxd4 Be6 11. g4 c5 12. Be3 Qa5 13. Bh6 Rfd8 14. Bxg7 Kxg7 15. g5 Ng8 16. h4 Rab8 17. h5 b5 18. hxg6 hxg6 19. Nxb5 Rxb5 20. Bxb5 Qxb5 21. Qc3+ Kf8 22. Rh7 Ke7 23. f4 Qb4 24. Qe3 Rb8 25. f5 Qxb2+ 26. Kd2 Qb4+ 27. c3 Qc4 28. fxe6 Rb2+ 29. Ke1 Qxe6 30. e5 Qxe5 31. Qxe5+ dxe5 32. Rh8 Rb8 33. Rd5 Ke6 34. Rxc5 Rb1+ 35. Kd2 Ne7 36. Rc7 Nd5 37. Re8+ Kf5 38. Rxf7+ Ke4 39. Rxa7 Rb2+ 40. Kc1 Rg2 41. Ra4+ Kf5 42. Ra5 Ke4 43. c4 Nc3 44. Raxe5+ Kd3 45. Re3+ Kd4 46. a3 Na2+ 47. Kd1 Nc3+ 48. Ke1 Rxg5 49. Rf3 Rc5 50. Rf4+ Kd3 51. Kf2 g5 52. Rd8+ Kc2 53. Rfd4 Rf5+ 54. Ke3 Re5+ 55. Kf3 Rf5+ 56. Kg4 Rc5 57. Kh5 Kb3 58. Rb8+ Kxa3 59. Kg4 Ne2 60. Rd3+ Ka4 61. Kf3 Nc1 62. Rc3 Na2 63. Rc2 Nb4 64. Rc1 Ka3 65. Rb1 1-0

[Event "RUS-Cup01 Chigorin Memorial"]
[Site "St Petersburg"]
[Date "1997.11.01"]
[Round "1"]
[White "Popov, Valerij"]
[Black "Doronenkov, Andrey"]
[Result "1-0"]
[WhiteElo "2440"]
[BlackElo "2150"]
[PlyCount "93"]
[EventDate "1997.11.01"]
[EventType "swiss"]
[EventRounds "9"]
[EventCountry "RUS"]
[SourceTitle "CBM 061 Extra"]
[Source "ChessBase"]
[SourceDate "1998.03.09"]
[SourceVersion "1"]
[SourceVersionDate "1998.03.09"]
[SourceQuality "1"]

1. Nf3 c5 2. c4 Nc6 3. Nc3 g6 4. g3 Bg7 5. Bg2 Nf6 6. 0-0 d6 7. d4 cxd4 8. Nxd4 Bd7 9. e3 Qc8 10. b3 Bh3 11. Bb2 h5 12. f3 Ne5 13. Nd5 Bxg2 14. Kxg2 Qd8 15. Qd2 Rc8 16. h3 Rc5 17. e4 Ned7 18. Ba3 Rc8 19. Nxe7 Qxe7 20. Nb5 Nxe4 21. fxe4 0-0 22. Rae1 Nc5 23. Qxd6 Qg5 24. h4 Qe5 25. Qxe5 Bxe5 26. Nxa7 Rc7 27. Nb5 Rc6 28. Rd1 Ra8 29. Rd5 Bd6 30. Bxc5 Bxc5 31. a4 Re8 32. Rd7 f6 33. Rf4 b6 34. Nc7 Re5 35. Nd5 f5 36. exf5 Re2+ 37. Kf1 Rb2 38. f6 Rb1+ 39. Ke2 Re6+ 40. Kd3 Rxb3+ 41. Kc2 Rxg3 42. f7+ Kf8 43. Rd8+ Kg7 44. f8Q+ Bxf8 45. Rdxf8 Re2+ 46. Kd1 Ra2 47. R4f7+ 1-0